Pokémon by Picross Pictures #2 - Statistics

General Stats
  • This quiz has been taken 101 times
  • The average score is 14 of 16
Answer Stats
Picture Answer % Correct
Eevee
100%
Gardevoir
98%
Gengar
97%
Butterfree
96%
Lucario
96%
Pidgeot
96%
Venusaur
96%
Mudkip
93%
Togepi
93%
Luxray
90%
Marill
90%
Deoxys
89%
Victini
85%
Chandelure
82%
Chatot
82%
Klefki
67%
No matching quizzes found
Score Distribution
Percent of People with Each Score
Percentile by Number Answered
Your Score History
You have not taken this quiz